000 00431cam a2200169 4500
001 D12746
008 090401t1965 xxu||||| |||| 00| 0 eng d
035 _a(Sirsi) u5442
041 _aeng
100 _aFletcher, Leonard
245 _aStandard Phraseology for bills of quantities. 4 vols.
260 _aLondon
_bGeorge Godwin
_c1965
350 _a0
520 _aShelf 115 ; + introduction
942 _n0
948 _c04/03/1997
999 _c86181
_d86181